书目信息 |
| 题名: |
细读淮南子
|
|
| 作者: | 陈广忠 著 | |
| 分册: | ||
| 出版信息: | 北京 研究出版社 2018 |
|
| 页数: | 223页 | |
| 开本: | 24cm | |
| 丛书名: | 细读国学经典丛书 | |
| 单 册: | ||
| 中图分类: | B234.4 | |
| 科图分类: | ||
| 主题词: | 杂家--中国--西汉时代 | |
| 电子资源: | ||
| ISBN: | 978-7-5199-0055-7 | |
| 000 | 00842oam2 2200253 450 | |
| 001 | 2272553398 | |
| 005 | 20220918200931.03 | |
| 010 | @a978-7-5199-0055-7@dCNY42.00 | |
| 100 | @a20181129d2018 em y0chiy50 ea | |
| 101 | 0 | @achi |
| 102 | @aCN@b110000 | |
| 105 | @ay z 000yy | |
| 200 | 1 | @a细读淮南子@9xi du huai nan zi@f陈广忠著 |
| 210 | @a北京@c研究出版社@d2018 | |
| 215 | @a223页@d24cm | |
| 225 | 1 | @a细读国学经典丛书@f赵敏俐总主编 |
| 330 | @a本书选取《淮南子》中164则最有代表性的思想,分为“题解”“原文”“注释”“细读”等内容,读者可以从中感受到“汉人著述第一流”(梁启超语)的妙文和智慧。 | |
| 461 | 0 | @12001 @a细读国学经典丛书 |
| 605 | @a《淮南子》@j通俗读物 | |
| 606 | 0 | @a杂家@y中国@z西汉时代 |
| 690 | @aB234.4@v5 | |
| 701 | 0 | @a陈广忠@9chen guang zhong@4著 |
| 801 | 0 | @aCN@b91MARC@c20181129 |
| 905 | @aZUCC@dB234.4@e21 | |
| 细读淮南子/陈广忠著.-北京:研究出版社,2018 |
| 223页;24cm.-(细读国学经典丛书/赵敏俐总主编) |
| ISBN 978-7-5199-0055-7:CNY42.00 |
| 本书选取《淮南子》中164则最有代表性的思想,分为“题解”“原文”“注释”“细读”等内容,读者可以从中感受到“汉人著述第一流”(梁启超语)的妙文和智慧。 |
| ● |
| 相关链接 |
|
|
|
正题名:细读淮南子
索取号:B234.4/21
 
预约/预借
| 序号 | 登录号 | 条形码 | 馆藏地/架位号 | 状态 | 备注 |
| 1 | 2000898856 | 2000898856 | 第三书库/ [索取号:B234.4/21] | 在馆 | |
| 2 | 2000898857 | 2000898857 | 第三书库/ [索取号:B234.4/21] | 在馆 | |
| 3 | 2000898858 | 2000898858 | 第三书库/ [索取号:B234.4/21] | 在馆 |